Match 'Em Up Blitz Quiz Stats

 Plays Quiz Updated Jun 25, 2018

Also try: 3-Letter Blitz
Challenge
Share
Tweet
Embed
Score 0/40 Timer 07:00
0 Plays Today
bet raise % Correct
LandmarksLANDMARKS
99.6%
LandmarkLANDMARK
99.6%
CountryCOUNTRY
99.6%
SportSPORT
85.6%
SportsSPORTS
85.3%
AthleteATHLETE
85.2%
Landmarks CompleteLANDMARKS COMPLETE
85.2%
Landmarks Hidden WordSPORTS UNLOCKED
85%
MusicMUSIC
83.9%
SongSONG
83.8%
BandBAND
83.8%
Sports CompleteSPORTS COMPLETE
83.7%
Sports Hidden WordMUSIC UNLOCKED
83.6%
BookBOOK
80.9%
LiteratureLITERATURE
80.9%
CharacterCHARACTER
80.8%
Music CompleteMUSIC COMPLETE
80.8%
Music Hidden WordLITERATURE UNLOCKED
80.7%
TechnologyTECHNOLOGY
75.6%
InventionINVENTION
75.6%
bet raise % Correct
InventorINVENTOR
75.6%
Literature CompleteLITERATURE COMPLETE
75.5%
Literature Hidden WordTECHNOLOGY UNLOCKED
75.5%
HistoryHISTORY
63.5%
WarWAR
63.4%
BattleBATTLE
63.4%
Technology CompleteTECHNOLOGY COMPLETE
63.2%
Technology Hidden WordHISTORY UNLOCKED
63.1%
ArtART
44.6%
PaintingPAINTING
44.5%
ArtistARTIST
44.5%
History CompleteHISTORY COMPLETE
44.3%
History Hidden WordART UNLOCKED
44.2%
GodGOD
24.7%
DeitiesDEITIES
24.3%
CivilizationCIVILIZATION
24.2%
Art CompleteART COMPLETE
24%
Art Hidden WordDEITIES UNLOCKED
23.8%
Deities CompleteDEITIES COMPLETE
12.7%
Deities Hidden WordWELL DONE
12.5%

You're not logged in!

Compare scores with friends on all Sporcle quizzes.
OR
Log In

You Might Also Like...

Show Comments

Extras

Top Quizzes Today


Score Distribution

Your Account Isn't Verified!

In order to create a playlist on Sporcle, you need to verify the email address you used during registration. Go to your Sporcle Settings to finish the process.

Report this User

Report this user for behavior that violates our Community Guidelines.

Details: